[Event "Int. Stuttgarter Stadtmeisterschaft B"]
[Site "Ditzingen"]
[Date "2012.05.17"]
[Round "2.25"]
[White "Lebeda, Lukas"]
[Black "Michna, Marcus"]
[Result "1/2-1/2"]
[WhiteElo "1672"]
[BlackElo "1843"]
[PlyCount "49"]
[EventDate "2012.??.??"]
[WhiteTeam "VFB Reichenbach"]
[BlackTeam "TSF Ditzingen"]

1. c4 c5 2. Nc3 Nf6 3. Nf3 e6 4. d4 cxd4 5. Nxd4 b6 6. e4 d6 7. Bd3 Bb7 8. f3
Be7 9. Qa4+ Qd7 10. Qxd7+ Nbxd7 11. b3 O-O 12. Be3 Rac8 13. O-O Ne5 14. Rfd1 d5
15. exd5 exd5 16. Nxd5 Nxd5 17. cxd5 Nxd3 18. Rxd3 Rfd8 19. Rad1 Rxd5 20. Nc6
Rxd3 21. Nxe7+ Kf8 22. Ng6+ hxg6 23. Rxd3 Ke7 24. Bd2 Ke6 25. Bb4 1/2-1/2

[Event "Int. Stuttgarter Stadtmeisterschaft B"]
[Site "Ditzingen"]
[Date "2012.05.17"]
[Round "2.26"]
[White "Rieder, Josef"]
[Black "Triantafillidis, Zoe"]
[Result "0-1"]
[WhiteElo "1824"]
[BlackElo "1691"]
[PlyCount "56"]
[EventDate "2012.??.??"]
[WhiteTeam "Stuttgarter SF 1879"]
[BlackTeam "SF Biberach"]

1. e4 c6 2. c4 d5 3. cxd5 cxd5 4. e5 e6 5. Nf3 Ne7 6. d4 Ng6 7. Bd3 Nc6 8. O-O
Bd7 9. Nc3 Qb6 10. Na4 Qc7 11. Bg5 Be7 12. Bxe7 Ncxe7 13. Rc1 Qd8 14. Nc5 Bc6
15. b4 b6 16. Nxe6 fxe6 17. Rxc6 Nxc6 18. Bb5 Rc8 19. Qa4 Qd7 20. Rc1 Nge7 21.
Ng5 O-O 22. Qd1 Nf5 23. Qh5 g6 24. Qh3 Ncxd4 25. Rxc8 Rxc8 26. Bf1 Rc1 27. g4
Ne2+ 28. Kh1 Nf4 0-1

[Event "Int. Stuttgarter Stadtmeisterschaft B"]
[Site "Ditzingen"]
[Date "2012.05.17"]
[Round "2.27"]
[White "Dallinger, Moritz"]
[Black "Grotheer, Olaf"]
[Result "1/2-1/2"]
[WhiteElo "1547"]
[BlackElo "1815"]
[PlyCount "79"]
[EventDate "2012.??.??"]
[WhiteTeam "SV Stuttgart-Wolfbusch 1956 e.V."]
[BlackTeam "SG Fasanenhof"]

1. e4 e5 2. Nf3 Nc6 3. Bb5 a6 4. Ba4 Nf6 5. O-O b5 6. Bb3 Be7 7. Re1 d6 8. c3
O-O 9. d3 Bg4 10. Nbd2 Na5 11. Bc2 c5 12. h3 Bh5 13. Nf1 Qd7 14. Ng3 Bg6 15.
Nh4 Nc6 16. Nhf5 Bd8 17. Bg5 h6 18. Bxf6 Bxf6 19. Qg4 Rad8 20. Nh5 Bxh5 21.
Qxh5 Ne7 22. Nxe7+ Qxe7 23. Rad1 Bg5 24. Bb3 Kh7 25. Qg4 Qd7 26. Qxd7 Rxd7 27.
g3 g6 28. Kg2 Kg7 29. Bd5 h5 30. Rg1 Rc7 31. b3 b4 32. c4 a5 33. Rdf1 Bd2 34.
Kh1 f5 35. g4 hxg4 36. hxg4 Rh8+ 37. Kg2 fxg4 38. Rh1 Rcc8 39. Be6 Rxh1 40.
Bxc8 1/2-1/2

[Event "Int. Stuttgarter Stadtmeisterschaft B"]
[Site "Ditzingen"]
[Date "2012.05.17"]
[Round "2.28"]
[White "Strauss, Martin"]
[Black "Beutler, Kevin"]
[Result "1/2-1/2"]
[WhiteElo "1811"]
[BlackElo "1585"]
[PlyCount "47"]
[EventDate "2012.??.??"]
[WhiteTeam "SC Sillenbuch"]
[BlackTeam "SF Simmersfeld"]

1. e4 e6 2. d4 d5 3. Nd2 c5 4. dxc5 Bxc5 5. Nb3 Qb6 6. Nxc5 Qxc5 7. exd5 exd5
8. Qe2+ Ne7 9. Qb5+ Qc6 10. Nf3 a6 11. Qxc6+ Nbxc6 12. Bd2 Bf5 13. Rc1 O-O 14.
Bd3 a5 15. a3 Be4 16. Be2 Nf5 17. O-O Ncd4 18. Nxd4 Nxd4 19. Bd1 Rfc8 20. c3
Nb5 21. Be2 Nd6 22. b3 a4 23. b4 Nc4 24. Bxc4 1/2-1/2

[Event "Int. Stuttgarter Stadtmeisterschaft B"]
[Site "Ditzingen"]
[Date "2012.05.17"]
[Round "2.29"]
[White "Mayer, Dietmar"]
[Black "Mayer, Markus"]
[Result "1-0"]
[WhiteElo "1785"]
[BlackElo "1599"]
[PlyCount "60"]
[EventDate "2012.??.??"]
[WhiteTeam "SC Böblingen 1975 e.V."]
[BlackTeam "SC Erdmannhausen"]

1. d4 e6 2. Nf3 d5 3. Bf4 Nf6 4. e3 Bd6 5. Bg3 Ne4 6. Nbd2 Nxg3 7. hxg3 Nd7 8.
c3 c6 9. e4 dxe4 10. Nxe4 Nf6 11. Nxd6+ Qxd6 12. Bd3 h6 13. Qe2 Bd7 14. Ne5 Qe7
15. O-O-O O-O-O 16. f4 Be8 17. f5 exf5 18. Bxf5+ Bd7 19. Qf3 Rhf8 20. Rde1 Bxf5
21. Qxf5+ Qe6 22. Nxc6 Qxf5 23. Ne7+ Kd7 24. Nxf5 Ng4 25. Re7+ Kc6 26. Nxg7 Rh8
27. Rxf7 Rh7 28. Ne6 Rdh8 29. Rxh7 Rxh7 30. Kd2 Rf7 1-0

[Event "Int. Stuttgarter Stadtmeisterschaft B"]
[Site "Ditzingen"]
[Date "2012.05.17"]
[Round "2.30"]
[White "Schmidt, Bernd"]
[Black "Hennig, Jan"]
[Result "0-1"]
[WhiteElo "1601"]
[BlackElo "1753"]
[PlyCount "129"]
[EventDate "2012.??.??"]
[WhiteTeam "DJK Stuttgart-Süd"]
[BlackTeam "SF 59 Kornwestheim"]

1. d4 Nf6 2. Bf4 g6 3. Nf3 Bg7 4. e3 O-O 5. c4 d6 6. Nc3 c6 7. Bd3 Nbd7 8. O-O
Nh5 9. Bg5 Nhf6 10. e4 e5 11. d5 a5 12. h3 Nc5 13. Bc2 Qc7 14. Qd2 Nh5 15. Bh6
f5 16. exf5 gxf5 17. Bxg7 Qxg7 18. Qg5 Qxg5 19. Nxg5 Rf6 20. Kh2 Bd7 21. g3 Rg6
22. h4 h6 23. Nh3 Kf7 24. Na4 Nxa4 25. Bxa4 Rag8 26. dxc6 bxc6 27. Bd1 Nf6 28.
Bf3 Ng4+ 29. Bxg4 Rxg4 30. b3 Ke7 31. Rae1 Be6 32. c5 f4 33. cxd6+ Kxd6 34.
Rd1+ Ke7 35. Rg1 fxg3+ 36. Rxg3 Rxh4 37. Rxg8 Bxg8 38. Kg3 Rd4 39. Re1 Kd6 40.
Re2 c5 41. f4 exf4+ 42. Nxf4 a4 43. bxa4 Rxa4 44. Rh2 Rxa2 45. Rxh6+ Ke5 46.
Nd3+ Kd4 47. Rd6+ Kc4 48. Nxc5 Kxc5 49. Rd8 Bd5 50. Kf4 Re2 51. Rc8+ Kd4 52.
Rb8 Rf2+ 53. Kg5 Ke5 54. Re8+ Be6 55. Rb8 Rg2+ 56. Kh4 Kf6 57. Rf8+ Bf7 58. Rb8
Ke5 59. Rb5+ Bd5 60. Rb8 Ke4 61. Re8+ Kf4 62. Kh3 Rg3+ 63. Kh4 Rg4+ 64. Kh5
Bf7+ 65. Kh6 0-1

[Event "Int. Stuttgarter Stadtmeisterschaft B"]
[Site "Ditzingen"]
[Date "2012.05.17"]
[Round "2.31"]
[White "Tönjes, Jürgen"]
[Black "Blum, Michael"]
[Result "1-0"]
[WhiteElo "1753"]
[BlackElo "1576"]
[PlyCount "61"]
[EventDate "2012.??.??"]
[WhiteTeam "SF Lilienthal von 1971"]
[BlackTeam "SC Aidlingen"]

1. d4 Nf6 2. f3 d5 3. e4 e6 4. Nc3 Bb4 5. a3 Bxc3+ 6. bxc3 dxe4 7. fxe4 Nxe4 8.
Qg4 Nxc3 9. Qxg7 Qh4+ 10. g3 Qe4+ 11. Ne2 Rf8 12. Rg1 Qxc2 13. Bh6 Nd7 14. Rc1
Qf5 15. Nxc3 f6 16. Be2 Rf7 17. Qg4 Qxg4 18. Bxg4 Re7 19. Nb5 Kf7 20. Nxc7 Rb8
21. Nb5 Kg6 22. Bd2 Nb6 23. Bb4 Re8 24. Bd6 e5 25. Be2 exd4 26. Kd2 a6 27. Bxb8
axb5 28. Bxb5 Re3 29. Ba7 Re6 30. Bd3+ f5 31. Bxb6 1-0

[Event "Int. Stuttgarter Stadtmeisterschaft B"]
[Site "Ditzingen"]
[Date "2012.05.17"]
[Round "2.32"]
[White "Wenzel, Ulrich"]
[Black "Zuber, Erik"]
[Result "1-0"]
[WhiteElo "1746"]
[BlackElo "1458"]
[PlyCount "67"]
[EventDate "2012.??.??"]
[WhiteTeam "TSF Ditzingen"]
[BlackTeam "SK Schmiden/Cannstatt"]

1. c4 e6 2. g3 d5 3. Bg2 Nf6 4. b3 Be7 5. Nf3 b6 6. O-O Bb7 7. Bb2 Nbd7 8. d3
O-O 9. Nbd2 c5 10. cxd5 exd5 11. d4 Qc7 12. Rc1 Bd6 13. dxc5 bxc5 14. e3 Qb6
15. Qc2 Rac8 16. Qb1 Rfe8 17. Bh3 Rc7 18. Qa1 a5 19. Bg2 Rcc8 20. Rfd1 Bf8 21.
Nb1 Ba8 22. Nc3 Rb8 23. Na4 Qb7 24. Ne5 Nxe5 25. Bxe5 Rbd8 26. Nxc5 Bxc5 27.
Rxc5 Qe7 28. Bxf6 Qxc5 29. Bxd8 Rxd8 30. Qc1 Qd6 31. Rd4 g6 32. Qd2 Qe6 33.
Qxa5 Qc6 34. Qxd8+ 1-0

[Event "Int. Stuttgarter Stadtmeisterschaft B"]
[Site "Ditzingen"]
[Date "2012.05.17"]
[Round "2.33"]
[White "Heil, Rudolf"]
[Black "Sigmund, Wolfgang"]
[Result "1/2-1/2"]
[WhiteElo "1722"]
[BlackElo "1540"]
[PlyCount "55"]
[EventDate "2012.??.??"]
[WhiteTeam "SC Starnberg"]
[BlackTeam "SC Eberbach"]

1. c4 c5 2. g3 Nc6 3. Bg2 Nf6 4. e4 d6 5. Ne2 g6 6. O-O Bg7 7. h3 Rb8 8. Nbc3
O-O 9. d3 Qc7 10. Be3 a6 11. Qd2 b5 12. Nd5 Qd8 13. Rab1 e6 14. Nxf6+ Bxf6 15.
f4 Nd4 16. b4 Nxe2+ 17. Qxe2 Qc7 18. bxc5 dxc5 19. cxb5 Rxb5 20. Rxb5 axb5 21.
Rc1 Be7 22. Qc2 c4 23. dxc4 Bc5 24. Bxc5 Qxc5+ 25. Kh2 b4 26. Qd2 Ba6 27. Bf1
Rc8 28. Qc2 1/2-1/2

[Event "Int. Stuttgarter Stadtmeisterschaft B"]
[Site "Ditzingen"]
[Date "2012.05.17"]
[Round "2.34"]
[White "Häfele, Torsten"]
[Black "Schmidt, Max"]
[Result "0-1"]
[WhiteElo "1615"]
[BlackElo "1879"]
[PlyCount "54"]
[EventDate "2012.??.??"]
[WhiteTeam "SVG Vaihingen/Enz"]
[BlackTeam "Sfr. Schöneck"]

1. e4 d5 2. exd5 Qxd5 3. Nc3 Qd6 4. Bc4 Nf6 5. d3 a6 6. Nge2 b5 7. Bb3 Bb7 8.
f3 Nbd7 9. Be3 Nc5 10. Ng3 Nxb3 11. axb3 e6 12. Nge4 Qc6 13. Nxf6+ gxf6 14. Qd2
Bb4 15. O-O O-O-O 16. Qe1 h5 17. Bd2 h4 18. h3 Bd6 19. Ne4 Qxc2 20. Nxd6+ Rxd6
21. Bc3 e5 22. Rc1 Qxb3 23. Bxe5 fxe5 24. Qxe5 Rhd8 25. Qe7 R6d7 26. Qxh4 Qxb2
27. Qh7 Qd4+ 0-1

[Event "Int. Stuttgarter Stadtmeisterschaft B"]
[Site "Ditzingen"]
[Date "2012.05.17"]
[Round "2.35"]
[White "Awiszus, Thomas"]
[Black "Stadler, Marcus"]
[Result "1/2-1/2"]
[WhiteElo "1610"]
[BlackElo "1856"]
[PlyCount "101"]
[EventDate "2012.??.??"]
[WhiteTeam "SK Schmiden/Cannstatt"]
[BlackTeam "Stuttgarter SF 1879"]

1. Nf3 Nf6 2. g3 g6 3. Bg2 Bg7 4. O-O d5 5. d4 O-O 6. Nbd2 Nc6 7. e3 Bg4 8. c4
e6 9. h3 Bf5 10. Qb3 Na5 11. Qc3 b6 12. Ne5 g5 13. c5 Nb7 14. b4 Rc8 15. Nc6
Qe8 16. b5 Ra8 17. Ba3 bxc5 18. Bxc5 Nxc5 19. Qxc5 Nd7 20. Qb4 Bg6 21. Rac1 a6
22. a4 Bf6 23. Nb3 axb5 24. axb5 Nb8 25. Nba5 Nxc6 26. Rxc6 Be7 27. Qc3 Bd6 28.
Nb7 Qb8 29. Nxd6 cxd6 30. Qb4 Bd3 31. Rfc1 Bxb5 32. Rxd6 Ra4 33. Qc5 Bc4 34.
Rb6 Qd8 35. Rcb1 Ra8 36. Bf3 Qf6 37. Bxd5 Ra2 38. f4 Bxd5 39. Qxd5 Re2 40. Qf3
Rd2 41. R6b5 gxf4 42. gxf4 Kh8 43. Rg5 h6 44. Rg4 Rc8 45. Kh1 Qf5 46. Rbg1 Qc2
47. Qg3 Qe4+ 48. Rg2 Rxg2 49. Qxg2 Rc1+ 50. Kh2 Rc2 51. Rg8+ 1/2-1/2

[Event "Int. Stuttgarter Stadtmeisterschaft B"]
[Site "Ditzingen"]
[Date "2012.05.17"]
[Round "2.36"]
[White "Rühl, Volker"]
[Black "Trobonjaca, Milos"]
[Result "1-0"]
[WhiteElo "1842"]
[BlackElo "1617"]
[PlyCount "73"]
[EventDate "2012.??.??"]
[WhiteTeam "VfL Sindelfingen"]
[BlackTeam "SF Oeffingen e.V."]

1. b4 e5 2. Bb2 e4 3. c4 Nf6 4. b5 b6 5. Nc3 Bb7 6. e3 Bc5 7. Nge2 O-O 8. Ng3
d5 9. cxd5 Bxd5 10. Nxd5 Nxd5 11. Nxe4 Be7 12. Be2 Nd7 13. O-O Qe8 14. Bf3 Rb8
15. Qb3 N5f6 16. Nxf6+ Bxf6 17. Bxf6 Nxf6 18. Qc4 Qd7 19. d4 Rbd8 20. Rfc1 Ne8
21. Qa4 a5 22. Bc6 Qd6 23. Bxe8 Rfxe8 24. Rc6 Qd7 25. Rac1 Rc8 26. Qc4 Re7 27.
Rxb6 Kf8 28. Rb7 h5 29. Qc5 f5 30. b6 g5 31. Rxc7 Rxc7 32. Qxc7 Qe6 33. Qc8+
Re8 34. Qxe6 Rxe6 35. b7 Rb6 36. Rc8+ Ke7 37. b8=Q 1-0

[Event "Int. Stuttgarter Stadtmeisterschaft B"]
[Site "Ditzingen"]
[Date "2012.05.17"]
[Round "2.37"]
[White "Cummings, Orlyn"]
[Black "Drapkin, Marc"]
[Result "1-0"]
[WhiteElo "1598"]
[BlackElo "1793"]
[PlyCount "81"]
[EventDate "2012.??.??"]
[WhiteTeam "SC Ingersheim e.V."]
[BlackTeam "SV Dicker Turm Esslingen"]

1. e4 e6 2. d3 d5 3. Nc3 Nc6 4. g3 d4 5. Nce2 e5 6. f4 Be6 7. Nf3 exf4 8. Nxf4
Nge7 9. Bg2 Ng6 10. O-O Nxf4 11. gxf4 Be7 12. a3 O-O 13. Qe1 Bg4 14. Qg3 Bxf3
15. Bxf3 h6 16. Kh1 Rb8 17. Rg1 g6 18. f5 g5 19. h4 f6 20. Bf4 Bd6 21. hxg5
fxg5 22. Qh4 Bxf4 23. Qxf4 Qd6 24. Qg3 Qxg3 25. Rxg3 Ne5 26. Bh5 Kg7 27. c3 c5
28. Rc1 Rbc8 29. Kg2 c4 30. cxd4 Nxd3 31. Rf1 Nxb2 32. e5 c3 33. f6+ Kh8 34.
Rc1 c2 35. Bg6 Rc4 36. Rxc2 Rxc2+ 37. Bxc2 Nc4 38. Rh3 Rd8 39. e6 Rxd4 40.
Rxh6+ Kg8 41. f7+ 1-0

[Event "Int. Stuttgarter Stadtmeisterschaft B"]
[Site "Ditzingen"]
[Date "2012.05.17"]
[Round "2.38"]
[White "Wohlfahrt, Michael"]
[Black "Wurm, Frank"]
[Result "1-0"]
[WhiteElo "1767"]
[BlackElo "1603"]
[PlyCount "65"]
[EventDate "2012.??.??"]
[WhiteTeam "TSF Welzheim"]
[BlackTeam "SF Simmersfeld"]

1. e4 e5 2. Nf3 Nf6 3. Nc3 Bb4 4. d3 Nc6 5. Be2 O-O 6. O-O Re8 7. Bg5 Bxc3 8.
bxc3 d6 9. a4 b6 10. Nd2 Be6 11. f4 h6 12. fxe5 hxg5 13. exf6 gxf6 14. d4 d5
15. Bb5 Bd7 16. exd5 Ne7 17. Bc4 Ng6 18. Bd3 Nf4 19. c4 Kg7 20. Qf3 Rh8 21. Ne4
Rh6 22. g3 Nh5 23. Nxg5 fxg5 24. Qxf7+ Kh8 25. Bg6 Ng7 26. Rf2 Bh3 27. Re1 Qg8
28. Bd3 Re8 29. Rxe8 Nxe8 30. Qf8 Ng7 31. c5 Rh5 32. c4 Ne8 33. Qe7 1-0

[Event "Int. Stuttgarter Stadtmeisterschaft B"]
[Site "Ditzingen"]
[Date "2012.05.17"]
[Round "2.39"]
[White "Weis, Olga"]
[Black "Schneider, Stephan"]
[Result "1-0"]
[WhiteElo "1583"]
[BlackElo "1751"]
[PlyCount "55"]
[EventDate "2012.??.??"]
[WhiteTeam "OSG Baden-Baden"]
[BlackTeam "SG Schramberg-Lauterbach"]

1. e4 e6 2. d4 d5 3. exd5 exd5 4. Nf3 Bg4 5. Be2 Nd7 6. Nc3 Ngf6 7. Bg5 Bd6 8.
Nxd5 O-O 9. Nxf6+ Nxf6 10. O-O c6 11. Nd2 Bxe2 12. Qxe2 Re8 13. Qf3 Qa5 14. Be3
Qc7 15. h3 Re6 16. Nc4 Nd5 17. Nxd6 Qxd6 18. c3 Nxe3 19. fxe3 Qe7 20. Rae1 Re8
21. e4 f6 22. e5 fxe5 23. Rxe5 Rxe5 24. dxe5 Qc5+ 25. Kh1 Rf8 26. Qxf8+ Qxf8
27. Rxf8+ Kxf8 28. Kh2 1-0

[Event "Int. Stuttgarter Stadtmeisterschaft B"]
[Site "Ditzingen"]
[Date "2012.05.17"]
[Round "2.40"]
[White "Steinmassl, Guido"]
[Black "Prinz, Philipp"]
[Result "1-0"]
[WhiteElo "1567"]
[BlackElo "1741"]
[PlyCount "61"]
[EventDate "2012.??.??"]
[WhiteTeam "SK e4 Gerlingen"]
[BlackTeam "SV Balingen"]

1. d4 Nf6 2. c4 g6 3. Nf3 Bg7 4. Nc3 d5 5. e3 O-O 6. Bd3 b6 7. O-O Bb7 8. b3 c5
9. cxd5 Nxd5 10. Nxd5 Bxd5 11. Bb2 Bb7 12. Rc1 Nc6 13. Be4 f5 14. Bxc6 Bxc6 15.
Ne5 Bb5 16. Re1 Rc8 17. f4 Qd5 18. dxc5 Rxc5 19. Rxc5 Qxc5 20. a4 Bc6 21. Qd2
Qd5 22. Qe2 Bxe5 23. Bxe5 Qxb3 24. Rc1 Qxa4 25. Ra1 Qb3 26. Rxa7 Ra8 27. Rxa8+
Bxa8 28. Qd2 Qd5 29. Qb2 Qd1+ 30. Kf2 Qh1 31. Qa2+ 1-0

[Event "Int. Stuttgarter Stadtmeisterschaft B"]
[Site "Ditzingen"]
[Date "2012.05.17"]
[Round "2.41"]
[White "Schmitz, Harald"]
[Black "Zeitler, Waldemar"]
[Result "1/2-1/2"]
[WhiteElo "1733"]
[BlackElo "1596"]
[PlyCount "115"]
[EventDate "2012.??.??"]
[WhiteTeam "SG Fasanenhof"]
[BlackTeam "SC Gross-Sachsenheim"]

1. e4 e5 2. Nf3 d6 3. d4 Bg4 4. dxe5 Bxf3 5. gxf3 dxe5 6. Qxd8+ Kxd8 7. Be3 c6
8. Nd2 Kc7 9. O-O-O Nd7 10. Bh3 Ngf6 11. f4 Re8 12. fxe5 Nxe5 13. f4 Ng6 14. f5
Ne5 15. Bf4 Nh5 16. Be3 Nf6 17. Rhe1 c5 18. Bf4 Kb6 19. Bxe5 Kc6 20. Bxf6 gxf6
21. Nf3 Bh6+ 22. Kb1 Bf4 23. Bf1 b5 24. c3 h5 25. Kc2 a6 26. a3 Re7 27. c4 Rhe8
28. Bd3 b4 29. axb4 cxb4 30. Ra1 Ra7 31. Nd4+ Kb6 32. Nb3 Bxh2 33. Rh1 Be5 34.
Rxh5 Rg8 35. Re1 a5 36. c5+ Kc6 37. Bc4 a4 38. Bd5+ Kb5 39. Nc1 b3+ 40. Kb1 Rg3
41. Ne2 Rg2 42. Rh3 Kb4 43. c6 Ra8 44. Re3 Rag8 45. Bxf7 R8g7 46. Bd5 Rh2 47.
Rc1 Rgg2 48. Rc4+ Kb5 49. Nc3+ Bxc3 50. Rcxc3 Rxb2+ 51. Kc1 Kb4 52. Rxb3+ axb3
53. c7 Rbc2+ 54. Kb1 Rxc7 55. e5 fxe5 56. Rxe5 Rcc2 57. f6 Rhf2 58. Re6 1/2-1/2

[Event "Int. Stuttgarter Stadtmeisterschaft B"]
[Site "Ditzingen"]
[Date "2012.05.17"]
[Round "2.42"]
[White "Bausch, Raimund"]
[Black "Burkhardt, Adrian"]
[Result "1-0"]
[WhiteElo "1559"]
[BlackElo "1709"]
[PlyCount "51"]
[EventDate "2012.??.??"]
[WhiteTeam "Stuttgarter SF 1879"]
[BlackTeam "SF 59 Kornwestheim"]

1. c4 e6 2. Nc3 Nf6 3. g3 d5 4. cxd5 exd5 5. d4 Bb4 6. Bg2 Be6 7. Nf3 Ne4 8.
Qb3 c5 9. O-O Nc6 10. Rd1 Qa5 11. Nxe4 dxe4 12. d5 exf3 13. Qxf3 Nd4 14. Qe4
O-O 15. dxe6 fxe6 16. Bf4 Qb5 17. Bf1 Qc6 18. Qxc6 Nxc6 19. Bd6 Rf7 20. a3 Ba5
21. Bxc5 Bc7 22. Bh3 e5 23. Be6 b6 24. Bxf7+ Kxf7 25. Rd7+ Ke6 26. Rxc7 1-0

[Event "Int. Stuttgarter Stadtmeisterschaft B"]
[Site "Ditzingen"]
[Date "2012.05.17"]
[Round "2.43"]
[White "Gheng, Hannelore"]
[Black "Shankar, Ajay"]
[Result "1-0"]
[WhiteElo "1691"]
[BlackElo "1554"]
[PlyCount "29"]
[EventDate "2012.??.??"]
[WhiteTeam "SF Deizisau"]
[BlackTeam "SG Königskinder Hohentübingen e."]

1. e4 e5 2. Nf3 Nc6 3. Bc4 Bc5 4. c3 Nf6 5. d4 exd4 6. cxd4 Bb4+ 7. Nc3 O-O 8.
e5 Ne4 9. O-O Nxc3 10. bxc3 Bxc3 11. Ng5 Bxa1 12. Qh5 h6 13. Nxf7 Rxf7 14.
Qxf7+ Kh8 15. Bg5 1-0

[Event "Int. Stuttgarter Stadtmeisterschaft B"]
[Site "Ditzingen"]
[Date "2012.05.17"]
[Round "2.44"]
[White "Baumeister, Lukas"]
[Black "Gheng, Christian"]
[Result "0-1"]
[WhiteElo "1525"]
[BlackElo "1686"]
[PlyCount "113"]
[EventDate "2012.??.??"]
[WhiteTeam "SV Rottweil"]
[BlackTeam "TSV Schönaich"]

1. d4 Nf6 2. c4 e6 3. Nc3 Bb4 4. Bd2 c5 5. e3 O-O 6. Nf3 Nc6 7. Bd3 b6 8. O-O
Bb7 9. Qc2 d5 10. cxd5 exd5 11. Rac1 c4 12. Be2 Bxc3 13. Bxc3 b5 14. a3 a5 15.
Be1 b4 16. Nd2 Re8 17. f3 Nxd4 18. exd4 Rxe2 19. Bh4 Qb6 20. Bf2 Rae8 21. Rcd1
c3 22. bxc3 Rc8 23. c4 bxa3 24. c5 Qb2 25. Qxb2 axb2 26. Rfe1 Rce8 27. Rxe2
Rxe2 28. Nb1 Bc6 29. Rd2 Rxd2 30. Nxd2 a4 31. Nb1 Bd7 32. g4 Bb5 33. Be1 Bd3
34. Na3 b1=Q 35. Nxb1 Bxb1 36. Bb4 Nd7 37. c6 Nb6 38. Bc5 Nc8 39. Kf2 f5 40.
Ke3 g5 41. f4 h6 42. h3 Kf7 43. Kf3 Ne7 44. c7 Nc8 45. Kg3 Ke6 46. gxf5+ Bxf5
47. fxg5 hxg5 48. h4 gxh4+ 49. Kxh4 Kd7 50. Kg5 Be4 51. Kf4 Kxc7 52. Ke3 Nd6
53. Kd2 a3 54. Kc3 a2 55. Kb2 Bb1 56. Bb4 Nc4+ 57. Ka1 0-1

[Event "Int. Stuttgarter Stadtmeisterschaft B"]
[Site "Ditzingen"]
[Date "2012.05.17"]
[Round "2.45"]
[White "Thren, Christian"]
[Black "Weisensel, Wolfgang"]
[Result "1-0"]
[WhiteElo "1518"]
[BlackElo "1685"]
[PlyCount "108"]
[EventDate "2012.??.??"]
[WhiteTeam "Heilbronner SV"]
[BlackTeam "Stuttgarter SF 1879"]

1. c4 e6 2. Nc3 d5 3. d4 Nf6 4. cxd5 exd5 5. g3 Nbd7 6. Bg2 c6 7. Nf3 Bd6 8.
O-O O-O 9. Re1 Re8 10. Qc2 h6 11. Na4 Ne4 12. Nd2 Nxd2 13. Bxd2 Nf6 14. Nc3 Bd7
15. a3 Qc8 16. b4 Bf5 17. Qc1 Ne4 18. Nxe4 Bxe4 19. Bf4 Bxf4 20. Qxf4 Bxg2 21.
Kxg2 Re4 22. Qd2 a6 23. f3 Re6 24. e4 Qd7 25. e5 Rae8 26. f4 R6e7 27. h3 g6 28.
g4 Qc8 29. Qd3 Kg7 30. Rec1 f6 31. Rf1 f5 32. Qe3 Rf8 33. Kh2 Ref7 34. Qg3 Kh7
35. g5 h5 36. a4 Rc7 37. Rfc1 Rff7 38. Rc2 Rfe7 39. Rac1 Qb8 40. Qb3 Qd8 41. b5
axb5 42. axb5 cxb5 43. Qxb5 Rxc2+ 44. Rxc2 b6 45. Rc6 Rb7 46. Rxg6 Qa8 47. Rh6+
Kg7 48. Qe2 Qa1 49. Qxh5 Qa2+ 50. Kg3 Qa6 51. Qg6+ Kf8 52. Rh8+ Ke7 53. Qf6+
Kd7 54. Rh7+ Ke8 1-0

[Event "Int. Stuttgarter Stadtmeisterschaft B"]
[Site "Ditzingen"]
[Date "2012.05.17"]
[Round "2.46"]
[White "Weber, Sandra"]
[Black "Haro, Niel"]
[Result "1-0"]
[WhiteElo "1617"]
[BlackElo "1528"]
[PlyCount "83"]
[EventDate "2012.??.??"]
[WhiteTeam "SC Neckarsulm e.V."]
[BlackTeam "Stuttgarter SF 1879"]

1. e4 b6 2. d4 e6 3. Nc3 Bb7 4. Bd3 Nf6 5. Nf3 h6 6. a3 Be7 7. Bd2 d6 8. O-O
Qd7 9. Re1 a6 10. e5 Nd5 11. Ne4 Nc6 12. c4 dxe5 13. dxe5 O-O-O 14. cxd5 Qxd5
15. Bc2 g5 16. Nc3 Qd7 17. h3 f5 18. exf6 Bxf6 19. Qe2 e5 20. Ne4 Be7 21. Ng3
Rhf8 22. Bc3 Bc5 23. Rad1 Nd4 24. Bxd4 exd4 25. Ne5 Qg7 26. Be4 c6 27. Qg4+ Kc7
28. Nd3 Bd6 29. Nf5 Qf6 30. Nxd6 Rxd6 31. Re2 Bc8 32. Qg3 Kb7 33. Rde1 Ka7 34.
Bf3 Bf5 35. Be4 Bxe4 36. Rxe4 a5 37. Re7+ Ka6 38. b4 a4 39. b5+ Kxb5 40. Rb1+
Kc4 41. Rb4+ Kd5 42. Re5+ 1-0

[Event "Int. Stuttgarter Stadtmeisterschaft B"]
[Site "Ditzingen"]
[Date "2012.05.17"]
[Round "2.47"]
[White "Kalwei, Reinhard"]
[Black "Tsybulevsky, Juri"]
[Result "0-1"]
[WhiteElo "1491"]
[BlackElo "1676"]
[PlyCount "64"]
[EventDate "2012.??.??"]
[WhiteTeam "SC Aidlingen"]
[BlackTeam "Stuttgarter SF 1879"]

1. e4 Nf6 2. e5 Nd5 3. c4 Nb6 4. Nc3 d6 5. Nf3 Bg4 6. d4 N8d7 7. Be2 Rc8 8. h3
Bh5 9. b3 e6 10. Bf4 a6 11. Nh2 Bg6 12. Bf3 dxe5 13. dxe5 Bb4 14. Qc1 c6 15.
O-O O-O 16. a3 Be7 17. Rd1 Qc7 18. Be3 Nxe5 19. Be4 f5 20. Bf3 c5 21. Bf4 Bd6
22. Bxe5 Bxe5 23. Nf1 Bd4 24. Ra2 e5 25. Nd5 Qd6 26. Qg5 Rce8 27. h4 e4 28. Bh5
Nxd5 29. cxd5 Qxd5 30. Bxg6 hxg6 31. Qxg6 Re6 32. Ne3 Qxb3 0-1

[Event "Int. Stuttgarter Stadtmeisterschaft B"]
[Site "Ditzingen"]
[Date "2012.05.17"]
[Round "2.48"]
[White "Ludwig, Siegfried"]
[Black "Kappus, Holger"]
[Result "1-0"]
[WhiteElo "1674"]
[BlackElo "1513"]
[PlyCount "130"]
[EventDate "2012.??.??"]
[WhiteTeam "GSV Hemmingen"]
[BlackTeam "SF Heiligkreuzsteinach"]

1. e4 b6 2. Nf3 Bb7 3. d3 e6 4. Be2 Be7 5. O-O d6 6. Nc3 Nd7 7. d4 Rb8 8. h3
Ngf6 9. Bd3 O-O 10. Nh2 c5 11. dxc5 Nxc5 12. f3 Nxd3 13. cxd3 Qd7 14. Qe1 e5
15. f4 Rfd8 16. f5 Qc7 17. Be3 a6 18. Rc1 Qd7 19. Qg3 b5 20. Bh6 Bf8 21. Bg5
Be7 22. Ng4 Kh8 23. Qh4 Nxg4 24. Bxe7 Re8 25. f6 Nh6 26. fxg7+ Kg8 27. Bf6 b4
28. Ne2 Qb5 29. Rf3 Nf5 30. Rxf5 Qxd3 31. Re1 Bxe4 32. Rff1 Rbc8 33. Kh2 Rc2
34. Qf2 Bg6 35. Qf3 Qc4 36. Nf4 Bf5 37. Nd5 Bd3 38. Ne7+ Rxe7 39. Qa8+ Qc8 40.
Qxc8+ Rxc8 41. Bxe7 Bxf1 42. Rxf1 Kxg7 43. Bxd6 e4 44. Bxb4 Rc6 45. Bc3+ Kg6
46. Rf4 Re6 47. Kg1 Kg5 48. g3 f5 49. Kf2 h5 50. Bd2 Kg6 51. g4 fxg4 52. hxg4
hxg4 53. Rxg4+ Kf5 54. Rf4+ Ke5 55. Ke3 Kd5 56. Rf5+ Kc6 57. b4 Rd6 58. Rc5+
Kb6 59. Bc3 Re6 60. Bd4 Kb7 61. a4 Re8 62. Re5 Rc8 63. Bc5 Rc6 64. Kxe4 Rc7 65.
Re7 a5 1-0

[Event "Int. Stuttgarter Stadtmeisterschaft B"]
[Site "Ditzingen"]
[Date "2012.05.17"]
[Round "2.49"]
[White "Giugno, Carmelo"]
[Black "Baric, Andrej"]
[Result "1/2-1/2"]
[WhiteElo "1511"]
[BlackElo "1674"]
[PlyCount "44"]
[EventDate "2012.??.??"]
[WhiteTeam "Stuttgarter SF 1879"]

1. d4 e6 2. c4 f5 3. Nf3 Nf6 4. Nc3 Be7 5. e3 O-O 6. Bd3 b6 7. Bd2 Bb7 8. Qc2
Na6 9. a3 Bxf3 10. gxf3 Qe8 11. c5 Nb8 12. Nb5 Na6 13. Qa4 Qc8 14. Rc1 bxc5 15.
Nd6 cxd6 16. Bxa6 Qc6 17. Qxc6 dxc6 18. dxc5 dxc5 19. Bc3 Rab8 20. Rg1 Nh5 21.
Bc4 Kf7 22. Be5 Rbd8 1/2-1/2

[Event "Int. Stuttgarter Stadtmeisterschaft B"]
[Site "Ditzingen"]
[Date "2012.05.17"]
[Round "2.50"]
[White "Wübbens, Carsten"]
[Black "Kuhn, Magnus"]
[Result "1/2-1/2"]
[WhiteElo "1415"]
[BlackElo "1658"]
[PlyCount "104"]
[EventDate "2012.??.??"]
[WhiteTeam "SF Freiberg"]
[BlackTeam "TSV Münchingen"]

1. d4 d5 2. c4 e6 3. Nf3 Nf6 4. Nc3 Be7 5. Bg5 Nbd7 6. e3 O-O 7. c5 Re8 8. Bd3
Nf8 9. O-O Ng6 10. b4 c6 11. Qc2 Nd7 12. Bxg6 hxg6 13. Bf4 Bf6 14. Rfe1 e5 15.
dxe5 Nxe5 16. Nxe5 Bxe5 17. Bxe5 Rxe5 18. Ne2 Qh4 19. a3 Rh5 20. h3 Qf6 21. Qc3
Re5 22. Ng3 Re8 23. Qxf6 gxf6 24. Rad1 Be6 25. Rd4 a5 26. e4 axb4 27. axb4 Ra3
28. exd5 cxd5 29. Rxd5 Rea8 30. Rd4 Rb3 31. Ne4 Kg7 32. Rc1 Ra4 33. Nd6 Rbxb4
34. Rxb4 Rxb4 35. f3 Rb2 36. Ne8+ Kf8 37. Nxf6 Ke7 38. Ne4 f5 39. Nf2 Rb3 40.
h4 Rb4 41. g3 Rb3 42. c6 bxc6 43. Rxc6 Rxf3 44. Kg2 Ra3 45. Rc2 Bd5+ 46. Kh2
Kd6 47. Rd2 Ke5 48. Nd3+ Kf6 49. Nf4 Be4 50. Rd6+ Ke7 51. Rxg6 Ra1 52. g4 Rh1+
1/2-1/2